De la pandilla a la Mara: pobreza, educación, mujeres y violencia juvenil (Registro nro. 2217)
[ vista simple ]
| 000 -Cabecera | |
|---|---|
| Campo de control de longitud fija | 01076aam a2200421 4500 |
| 005 - Fecha y hora de la última transacción | |
| Campo de control | 20260306163720.0 |
| 008 - Elementos de longitud fija--Información general | |
| Campo de control de longitud fija | 150522b2007 xxu||||| |||| 00| 0 spa d |
| 020 ## - International Standard Book Number | |
| Número Internacional Estándar del Libro (ISBN) | 9587102178 |
| 041 ## - Idioma | |
| Código de idioma | Español |
| 082 ## - Clasificación Decimal Dewey | |
| Número de clasificación | 364.106.6 R896p |
| 100 ## - Entrada principal--Autor personal | |
| Nombre personal | Rubio, Mauricio |
| 9 (RLIN) | 19151 |
| 245 ## - Título propiamente dicho | |
| Título | De la pandilla a la Mara: pobreza, educación, mujeres y violencia juvenil |
| 260 ## - Pie de imprenta | |
| Lugar de publicación, distribución, etc. | Colombia |
| 260 ## - Pie de imprenta | |
| Nombre del editor, distribuidor, etc. | Cordillera |
| 260 ## - Pie de imprenta | |
| Fecha de publicación, distribución, etc. | 2007 |
| 300 ## - Descripción física | |
| Extensión | 579 páginas |
| 490 ## - Serie | |
| Título de la Serie | Investigación Criminal |
| 650 ## - Materia general | |
| Temática (materia general) | PANDILLAS |
| 650 ## - Materia general | |
| Temática (materia general) | INSEGURIDAD |
| 650 ## - Materia general | |
| Temática (materia general) | DELINCUENCIA |
| 650 ## - Materia general | |
| Temática (materia general) | VIOLENCIA |
| 650 ## - Materia general | |
| Temática (materia general) | PROBLEMAS SOCIALES |
| 650 ## - Materia general | |
| Temática (materia general) | POBREZA |
| 650 ## - Materia general | |
| Temática (materia general) | VIOLENCIA JUVENIL |
| 650 ## - Materia general | |
| Temática (materia general) | SEXO |
| 650 ## - Materia general | |
| Temática (materia general) | PREVENCIÓN DEL DELITO |
| 650 ## - Materia general | |
| Temática (materia general) | CRIMEN ORGANIZADO |
| 650 ## - Materia general | |
| Temática (materia general) | DELINCUENCIA JUVENIL |
| 650 ## - Materia general | |
| Temática (materia general) | EDUCACIÓN |
| 650 ## - Materia general | |
| Temática (materia general) | PROSTITUCIÓN INFANTIL |
| 650 ## - Materia general | |
| Temática (materia general) | DELITOS |
| 650 ## - Materia general | |
| Temática (materia general) | PANDILLAS EN LATINOAMERICA |
| 650 ## - Materia general | |
| Temática (materia general) | JUSTICIEROS |
| 650 ## - Materia general | |
| Temática (materia general) | MAFIOSOS |
| 650 ## - Materia general | |
| Temática (materia general) | MAREROS |
| 650 ## - Materia general | |
| Temática (materia general) | DROGAS |
| 942 ## - Punto de acceso adicional KOHA | |
| Tipo de ítem KOHA | Libro |
| Fuente del sistema de clasificación o colocación | Dewey Decimal Classification |
| Signatura completa | Código de barras | Programa Académico | Tipo de ítem |
|---|---|---|---|
| 364.106.6 R896p | 14933 | Investigación Criminal | Libro |